000 00878nam a2200253 a 4500
999 _c2167
_d2167
008 200217s2019 ii ad||| m|||a00| 0 eng d
040 _aKO
_beng
041 0 _aeng
044 _aii
082 0 4 _223
_a378.242
_bPRM1702
100 1 _aBalagopal, Adithya
_eResearcher
245 1 2 _aA Study On Utilization Of Shipping Services With Special Reference At Dart Global Logistics Pvt Ltd, Kochi. /
_cAdithya Balagopal ; Guide Dr. Yogamala H L
260 _aKochi :
_bIndian Maritime University,
_c2019
300 _a44 p. :
_bill. ;
_c29 cm.
490 0 _aMBA Project 2017-19 ;
_v1705305002
502 _aProject (MBA)–Indian Maritime University. School of Maritime Management, 2019.
650 0 _aShipping
650 0 _aLogistics
655 7 _2lcsh
_aDissertations, Academic
_y2019
700 1 _aH L, Yogamala
_cDr.
_eGuide
904 _aReshma_R
942 _cTH